| 000 | 00497nam a2200181 a 4500 | ||
|---|---|---|---|
| 001 | 000025559 | ||
| 005 | 20200930023857.0 | ||
| 008 | 110217s1967 sp a r 000 0 spa d | ||
| 040 |
_aDO-SdBNP _bspa _cBNPHU |
||
| 082 |
_axxxxx _bR896f |
||
| 100 | 1 |
_aRubio, Juan Carlos R. _952231 |
|
| 245 | 1 | 3 | _aLa flauta mágica /. |
| 260 |
_aBarcelona, España : _bCarabela, _c1967. |
||
| 300 |
_a56 p. : _bil. ; _c23 cm. |
||
| 490 | 1 |
_aNudo al Alba ; _v6 |
|
| 830 | 0 |
_aNudo al Alba ; _n6 _952232 |
|
| 049 | _aBNGR | ||
| 999 |
_c25051 _d25051 |
||